| 000 | 00906naa a2200385Ia 4500 | ||
|---|---|---|---|
| 001 | 8675 | ||
| 008 | 191123s9999 xx 000 0 und d | ||
| 041 | _aspa | ||
| 044 | _aag | ||
| 100 | _aSvanascini, Osvaldo, | ||
| 260 |
_aBuenos Aires : _bAcademia, _c2007. |
||
| 300 |
_app. 115-120 _bilustrado |
||
| 650 | _aARTE ORIENTAL | ||
| 650 | _aBELLEZA | ||
| 650 | _aCHINA | ||
| 650 | _aCOREA | ||
| 650 | _aFEALDAD | ||
| 650 | _aGLOBALIZACION | ||
| 650 | _aINDONESIA | ||
| 650 | _aJAPON | ||
| 650 | _aPOSMODERNIDAD | ||
| 650 | _aTAILANDIA | ||
| 710 | _aAcademia Nacional de Bellas Artes. Buenos Aires. Argentina | ||
| 902 | _aM | ||
| 903 | _aa | ||
| 904 | _aam | ||
| 907 | _aimpreso | ||
| 911 | _ailustrado | ||
| 912 | _a2007 | ||
| 942 | _cANALITICA | ||
| 999 |
_c6362 _d6362 |
||
| 490 | 0 |
_aTemas : _bdiscursos de la crÃtica. |
|
| 245 | 0 | _aApuntes incidentales | |
| 550 | _ailustrado | ||